Peanuts Characters - Sudden Death - Statistics

General Stats
  • This quiz has been taken 281 times
  • The average score is 10 of 16
Answers on the Grid
Answers color-coded by a green-red scale on the quiz's grid according to % correct below.
Charlie Brown
Lucy
Henry
Schroeder
Randy
Emily
Linus
Snoopy
Clara
Peppermint Patty
Calvin
Alice
Oliver
Pig Pen
Sally
Dorothy
Rerun
Charlotte
Violet
Woodstock
Jeffrey
Adam
Marcie
Chloe
Frieda
Gregory
Franklin
Eudora
Laura
Janet
Shermy
Albert
 
Answer Stats
Answer % Correct
Charlie Brown
98%
Lucy
94%
Snoopy
88%
Linus
86%
Peppermint Patty
82%
Schroeder
80%
Woodstock
74%
Pig Pen
71%
Sally
66%
Franklin
55%
Marcie
55%
Violet
43%
Rerun
42%
Frieda
33%
Shermy
33%
Eudora
14%
No matching quizzes found
Score Distribution
Percent of People with Each Score
Percentile by Number Answered
Your Score History
You have not taken this quiz